| 000 | 00384 a2200145 4500 | ||
|---|---|---|---|
| 005 | 20250620171214.0 | ||
| 020 | _a0-02-804244-1 | ||
| 082 | _aLM 621.381 SCH | ||
| 100 | _aSCHULER, C. A. | ||
| 245 | _aElectronics: Principles and Applications | ||
| 250 | _a5th Ed. | ||
| 260 |
_aNew York, _bMcGraw-Hill, _c1999. |
||
| 300 |
_aix, 454p.: ill.; picture. _bIndex. _c29cm. |
||
| 942 |
_2ddc _cBKS |
||
| 999 |
_c2466 _d2466 |
||